Music Quiz

Random Music or Bands Quiz

Rock & Roll HOF Multiple Inductees Quiz Stats

Quiz Updated Dec 18, 2014

Challenge
Share
Tweet
Embed
Score 0/22 Timer 04:00
3 Plays Today
First induction Musician % Correct
1988 - The BeatlesPaul McCartney
97.4%
1988 - The BeatlesJohn Lennon
97.3%
1988 - The BeatlesRingo Starr
93.1%
1988 - The BeatlesGeorge Harrison
92.9%
1992 - The YardbirdsEric Clapton
88.6%
1992 - The YardbirdsJimmy Page
71.4%
2010 - GenesisPeter Gabriel
65.5%
1995 - SoloNeil Young
61.6%
1996 - The Velvet UndergroundLou Reed
61.1%
1991 - The ByrdsDavid Crosby
58.6%
1997 - Buffalo SpringfieldStephen Stills
58.6%
First induction Musician % Correct
1997 - [self-titled trio]Graham Nash
55.8%
1997 - [self-titled sibling quintet]Michael Jackson
53.4%
1994 - SoloRod Stewart
50.8%
1989 - The Rolling StonesRonnie Wood
47.6%
1992 - The YardbirdsJeff Beck
40.3%
1990 - [self-titled duo]Paul Simon
38.6%
1991 - The ImpressionsCurtis Mayfield
13.3%
1987 - SoloClyde McPhatter
9.5%
1998 - SantanaGregg Rolie
8.5%
2001 - The FlamingosJohnny Carter
2.6%
2005 - The O'JaysSammy Strain
2.2%

You're not logged in!

Compare scores with friends on all Sporcle quizzes.
Join for Free
OR
Log In

Show Comments

Extras

Top Quizzes Today


Score Distribution

Your Account Isn't Verified!

In order to create a playlist on Sporcle, you need to verify the email address you used during registration. Go to your Sporcle Settings to finish the process.

Report this User

Report this user for behavior that violates our Community Guidelines.

Details: